| 000 | 01240nam a2200241Ia 4500 | ||
|---|---|---|---|
| 003 | Ost | ||
| 005 | 20260507075420.0 | ||
| 008 | 260507s9999||||xx |||||||||||||| ||und|| | ||
| 020 | _a978995756334 | ||
| 040 | _cfsecg | ||
| 041 | _aara | ||
| 082 | _a330 | ||
| 100 |
_aالمشهداني، خالد أحمد فرحان _eمؤلف |
||
| 245 | 0 |
_aمبادئ الإقتصاد / _c خالد أحمد فرحان المشهداني |
|
| 260 |
_aعمان: _bدار الأيام, _c2015 |
||
| 300 |
_a224 صفحة؛ _bإيضاحات ؛ _c24 سم |
||
| 504 | _aالمصادر ص.221 | ||
| 520 | _aيضم أساسيات تمهيدية، المشكلة الاقتصادية، نظرية الطلب و تطويرها، نظرية العرض، أسا سيات نظرية اقتصادية ادارية، الانتاج، التكاليف و الايرادات، الأسواق و تحديد الأسعار، نظريةالتوزيع، الدخل القومي، النقود و المصارف، التجارة الخارجية، التنمية و النمو. | ||
| 653 | _aالإقتصاد | ||
| 653 | _aعلم الإقتصاد | ||
| 700 |
_aالعبيدي، رائد عبد الخالق عبد الله _eمؤلف ثانوي |
||
| 942 | _cكتاب | ||
| 999 |
_c44461 _d44461 |
||